02008nam a22003617a 4500003000400000005001700004008004100021040002200062082001400084100004100098245004800139260005300187300001900240366000800259366000800267490002300275505025300298505004100551505032300592505014700915650004601062650005001108650004401158650004801202650004301250650004401293650005301337650004701390650004501437942002501482999001501507952012401522OSt20230421082735.0221006b |||||||| |||| 00| 0 eng d cBiblioteca Lado V a700bZ39a 9802aZaya, Antonioeeditoredirector aAtalantica/bRevista de Arte y Pensamiento/ bCentro Atlantico de Arte Modernoc1994aEspaña c24x30cma184p. efre eeng v1994x1132-8428a7 tTerritoriosaEntrevista con Lars von trier Peter Neuchs Prosas de son Rashid Diab Morir a lo quaye El proceso creativo Proyecto de Robert Feintuch Una entrevista con Damien Hirst Tímidos, perceptivos e íntimos Proyecto de Gary Simmos  tNexusaLa Vanguardia Rusa en el Caam tRevistaaDiscusion, diferencia y el cuerpo politico La durisima intimidad de lutz bacher Entrevista con Bob Flanagan y Sheree Rose El sacrificio del ser Miquel Barcelo Los Batiks de Kirita Reencuentro fetichista con Nazario El arte como participación en la red global Cyberespacio Proyecto de Miriam Durando tRevistaaArte Africano La Cultura Cubana con Sabor Proyecto de Iraida La Justicia o la Coreografia del Equilibrio De Colombia. Arte Actual 2Tesauro de Arte & ArquitecturaaARTE9703 2Tesauro de Arte & ArquitecturaaEXPOSICIONES  2Tesauro de Arte & ArquitecturaaCULTURA 2Tesauro de Arte & ArquitecturaaAPRECIACION 2Tesauro de Arte & ArquitecturaaTEORIA 2Tesauro de Arte & ArquitecturaaCRITICA 2Tesauro de Arte & ArquitecturaaFOTOGRAFIA 9702 2Tesauro de Arte & ArquitecturaaLITERATURA 2Tesauro de Arte & ArquitecturaaESPAÑA 2ddcc1h700iZ39an0 c3411d3411 00102ddc3199440708RevistasaLVbLVd2023-04-21h7i003562l0o700 Z39ap003562r2023-04-21 00:00:00w2023-04-21y1